000 00900nam a22002297a 4500
999 _c7619
_d7619
003 AR-CdUCM
008 190321b ||||| |||| 00| 0 spa d
020 _a99905-0-350-8
040 _aMUNICIPALIDAD PROVINCIAL DEL CUSCO
_cBIBLIOTECA MUNICIPAL DEL CUSCO
082 _a401.41 /
_bM36
100 _aMedinaceli, Ximena
_921511
245 _a¿Nombres y apellidos? :
_bEl sistema nominativo aymara sacaca, siglo XVII /
260 _aLa Paz :
_bIEB,
_c2003.
300 _a461 páginas ;
_c22 cm.
505 _aContenido : Primera parte : El contexto -- Los estudios sobre nombres personales -- Aproximación metodológica -- Las revistas como fuente de investigación -- Historia de un repartimiento ...
650 _aNombres
_921512
650 _aAymara
_97964
650 _aLiteratura boliviana
_94271
710 _aInstitutos de estudios bolivianos
_921513
942 _2ddc
_cLIBROS
945 _arah